000 01149nam a2200337 i 4500
003 EG-GICUC
005 20260121101517.0
008 251217s1919 uk | ||fr|||| 001 0 eng d
040 _aEG-GiCUC
_cEG-GiCUC
_dEG-GiCUC
_erda
_beng
041 _aeng
082 0 4 _221
_a341.84
_bHA . O
092 0 4 _221
099 _aLaw1 12 341.84 HA . O 1919
100 1 _aHarrison, Frederic,
_d1831-1923,
_eAuthor.
245 1 0 _aOn jurisprudence and the conflict of laws /
_cby Frederic Harrison ; with annotations by A.H.F. Lefroy.
246 1 _aJurisprudence and the conflict of laws
264 3 _aOxford :
_bClarendon Press,
_c1919.
300 _a179 Page ;
_c24 cm.
336 _2rda content
_atext
337 _2rda media
_aComputer
338 _2rda carrier
_aOnline Resource
504 _aInclude Bibliographic references
546 _aText in English
650 4 _aconflict of laws
_xPrivate international law
_2qrmak
650 4 _aJurisprudence
651 1 _2qrmak
700 1 _aLefroy, A. H. F.,
_d1852-1919,
_eContributor
856 4 0 _uhttps://fll.law.cu.edu.eg/fulltext/bks/B12-01579.pdf
905 _a75
_eHassnaa
942 _2ddc
_cBK
_e21
_n0
999 _c51196
_d51196